000 00533nam a2200181 4500
001 113728
003 ES-MaACL
005 20230906190005.0
007 t|
008 061121s1961 sp r ||||1| spa d
100 1 _aPacheco, José.
_988122
245 1 0 _aGuía médica de urgencias /
_cJosé Pacheco ; prólogo del Dr. Antonio Morales.
250 _a2ª ed. correg. y aum.
260 _aBarcelona :
_bTeide,
_c1961.
300 _a217 p. ;
_c19 cm.
700 1 _aMorales, Antonio.
_982974
852 _aES-MaACL
_jC-23409
_bR.50992
999 _c113728
_d113728